000 00862pam a2200253 a 4500
001 2523175
005 20251103191911.0
008 930427s1994 mdua b 001 0 eng c
020 _a0683049046
020 _a9780683049046
050 0 0 _aRZ242
_b.L42 1994
082 0 0 _a615.5/34
_220
100 1 _aLeach, Robert A.
245 1 4 _aThe chiropractic theories :
_bprinciples and clinical applications /
_cRobert A. Leach, with contributions from Reed B. Phillips, Charles A. Lantz ; illustrated by Robert S. Fritzius and Joseph A. MacGown.
250 _a3rd ed.
260 _aBaltimore :
_bWilliams & Wilkins,
_cc1994.
300 _axxiii, 401 p. :
_bill. ;
_c26 cm.
650 0 _aChiropractic
_xPhilosophy.
650 0 _aDislocations.
650 2 _aChiropractic.
650 2 _aPhillips, Reed B.
650 2 _aLantz, Charles A.
942 _2lcc
_cBK
_e3rd ed.
_n0
999 _c8009
_d8009